The Housing (Tenancy Deposits) (Specified Interest Rate) Order 2007 (Record no. 106681)

MARC details
000 -LEADER
fixed length control field 01219cam a2200241 4500
001 - CONTROL NUMBER
control field L137198
008 - FIXED-LENGTH DATA ELEMENTS--GENERAL INFORMATION
fixed length control field 070322s2007 xxk f 000 0 eng d
035 ## - SYSTEM CONTROL NUMBER
System control number (Sirsi) u137198
041 0# - LANGUAGE CODE
Language code of text/sound track or separate title eng
110 2# - MAIN ENTRY--CORPORATE NAME
Corporate name or jurisdiction name as entry element United Kingdom
Form subheading Laws, etc
9 (RLIN) 5044
245 04 - TITLE STATEMENT
Title The Housing (Tenancy Deposits) (Specified Interest Rate) Order 2007
Medium [electronic resource]
260 ## - PUBLICATION, DISTRIBUTION, ETC.
Place of publication, distribution, etc. London
Name of publisher, distributor, etc. TSO
Date of publication, distribution, etc. 2007
490 #0 - SERIES STATEMENT
Series statement SI
Volume/sequential designation 2007: 798
520 ## - SUMMARY, ETC.
Summary, etc. Concerns the Housing Act 2004 where national authorities must make arrangements so that tenancy deposit schemes safeguard deposits paid in connection with shorthold tenancies. Order specifies that for the purposes of paragraph 3(5) of the Schedule, the rate of interest is a rate equivalent to the base rate of the Bank of England less 2.32 percent.
590 ## - LOCAL NOTE (RLIN)
Local note KA
650 24 - SUBJECT ADDED ENTRY--TOPICAL TERM
Topical term or geographic name entry element THE HOUSING (TENANCY DEPOSITS) (SPECIFIED INTEREST RATE) ORDER 2007
650 24 - SUBJECT ADDED ENTRY--TOPICAL TERM
Topical term or geographic name entry element HOUSING ACT 2004 S10
650 24 - SUBJECT ADDED ENTRY--TOPICAL TERM
Topical term or geographic name entry element HOUSING ACT 2004 PART VI
651 #4 - SUBJECT ADDED ENTRY--GEOGRAPHIC NAME
Geographic name England and Wales
Chronological subdivision 1543-
690 ## - LOCAL SUBJECT ADDED ENTRY--TOPICAL TERM (OCLC, RLIN)
Topical term or geographic name as entry element PROPERTY-RESIDENTIAL PROPERTY-RESIDENTIAL LANDLORD AND TENANT-RESIDENTIAL LEASES
856 40 - ELECTRONIC LOCATION AND ACCESS
Uniform Resource Identifier <a href="https://www.opsi.gov.uk/si/si2007/20070798.htm">https://www.opsi.gov.uk/si/si2007/20070798.htm</a>
Public note View the item free of charge at www.opsi.gov.uk...
942 ## - ADDED ENTRY ELEMENTS (KOHA)
Suppress in OPAC 0
Holdings
Withdrawn status Lost status Source of classification or shelving scheme Damaged status Not for loan Home library Current library Shelving location Date acquired Total Checkouts Full call number Barcode Date last seen Copy number Price effective from Koha item type
    Dewey Decimal Classification     Virtual Virtual Online 22/03/2007   ONLINE PUBLICATION 137198-1001 06/08/2019 1 06/08/2019 Book